Music Quiz

Random Music or Album Quiz

HUGE Judas Priest Quiz Stats

Quiz not verified by Sporcle

Also try: Lead Singer Swap
Challenge
Share
Tweet
Embed
Score 0/85 Timer 15:00
0 Plays Today
Lyric Song Title % Correct
There I was, completely wasting, out of work and downBreaking The Law
82.2%
I'll be damned, here comes your ghost againDiamonds And Rust
76.7%
Whiskey woman, don't you know that you are driving me insane?Victim Of Changes
75.3%
He had enough, he couldn't take anymoreBeyond The Realms Of Death
74%
Up here in space, I'm looking down on youElectric Eye
74%
Fast and furious, we ride the universeFreewheel Burning
74%
Faster than a bullet, terrifying screamPainkiller
74%
You're in for surprise, you're in for a shockThe Ripper
72.6%
Seek him here, seek him on the highwayHell Bent For Leather
69.9%
One life, I'm gonna live it upYou've Got Another Thing Comin'
69.9%
We've taken too much for granted and all the time it had grownMetal Gods
68.5%
Deadly as the viper, peering from its coilJawbreaker
68.5%
Well, I've said it before and I'll say it againHeading Out To The Highway
67.1%
Along deserted avenues, steam begins to riseThe Sentinel
65.8%
When you feel safe, when you feel warmLove Bites
65.8%
You won't hear me, but you'll feel meTurbo Lover
65.8%
Now when the day goes to sleep and the full moon looksThe Green Manalishi (With The Two-Pronged Crown)
64.4%
Racin' cross the heavens, straight into the dawnExciter
63%
You mesmerize me slowly 'til I can't believe my eyesA Touch Of Evil
63%
Look out here's [title], cruisin' into townStarbreaker
61.6%
Pounding the world like a battering ramRapid Fire
61.6%
[Title] rider rides in with the stormSinner
60.3%
Deep down in Louisiana, close to New OrleansJohnny B. Goode
60.3%
Howling winds keep screaming round and the rain comes pouring downNight Crawler
58.9%
Storm warning, but there's no fearBetween The Hammer & The Anvil
58.9%
Hypnotize me, mesmerize me, feel my willpower slipDevil's Child
57.5%
Grand canyons of space and time universalDissident Aggressor
56.2%
Look around, they're moving inUnited
56.2%
Full moon is rising, the sky is blackDesert Plains
56.2%
Lyric Song Title % Correct
Feeling like we're ready to kick tonightDelivering The Goods
54.8%
Hey, listen, don't you let them get your mindScreaming For Vengeance
54.8%
I've done my share of workin' outHot Rockin'
52.1%
Shooting for the stars, cruise the speed of lightRiding On The Wind
52.1%
Man eatin' mama, steam-driven hammerRocka Rolla
50.7%
Behold, 'tis I the commander, whose grip controls you allTyrant
50.7%
I traveled to a distant shore, I felt I had to goEvening Star
50.7%
I never give true answers, I never tell no liesKilling Machine
50.7%
I know you like it hot, love to writhe and sweatHeavy Duty
50.7%
When the power chords come crashing downHeavy Metal
50.7%
Let me hear the battle cry, calling on the windOne Shot At Glory
50.7%
White bolts of lighting came out of nowhereJudas Rising
50.7%
You could find a way to ease my passionBetter By You, Better Than Me
49.3%
Catch the play now, eye to eyeSteeler
49.3%
Mercenary battalions are poised to strike us downGenocide
47.9%
Standing by my window, breathing summer breezeDreamer Deceiver
46.6%
Golden halos radiating higherSolar Angels
46.6%
You say I waste my life away but I live it to the fullParental Guidance
46.6%
Raise the sights, the city lights are callingRam It Down
46.6%
I can't stand the way you move itLocked In
45.2%
Time to settle the score, he's loaded to feel their remorseRedeemer Of Souls
45.2%
The father's son, thy kingdom come, electric ecstasyWhite Heat, Red Hot
42.5%
I made a spike about nine o'clock on a SaturdayRaw Deal
41.1%
Fierce is the gale from the north seaHalls Of Valhalla
41.1%
You think you're cool and got it all, you think you run the scenePrivate Property
39.7%
Forged in the black country under blood red skiesDeal With The Devil
39.7%
Born of the sun, crashed to the EarthDemonizer
39.7%
Wild-eyed and tight-fisted, I'm fused to the boneStained Class
38.4%
You said I could never find a way to ease your mindWorth Fighting For
38.4%
Lyric Song Title % Correct
I will take your final breath and I will be your last regretDeath
35.6%
Now let's see what you're made of, he is coming, you can't runJugulator
34.2%
They never broke my will 'cause my heart was strongNostradamus
34.2%
Welcome to my world of steel, maser of my domainDragonaut
34.2%
Where would you be without music?One For The Road
32.9%
What have you achieved now you're old?Run Of The Mill
32.9%
Twenty-four hours of the day, you're on my trailHot For Love
32.9%
Whipcrack, stings the sky, don't mess with me, I'm dangerHard As Iron
32.9%
The hangman's noose won't get me, gas chambers never stress meDead Meat
32.9%
Here they come, these gods of steelHellrider
32.9%
I am the darkness, born out of lightProphecy
32.9%
We're walking the streets, we know where we'll meetMarch Of The Damned
31.5%
Where do we go from here? There must be something nearNever Satisfied
30.1%
Speak to me of those days I won't forgetBurn In Hell
30.1%
Licensed to kill on my 650 BonnevilleMachine Man
28.8%
We come in all the glory now, no prayers suffice such evil foeWar
28.8%
Come on, come on, now what you sayDon't Go
26%
Been awake all night, can't get no sleepLove Zone
26%
I see all things from my mind's innocenceRevelations
26%
I got home late this evening, stumbled up the stairCheater
24.7%
Turn me off, pull the plug, leave me with some dignityBrain Dead
23.3%
Sunrise showing every flaw, paying for the night beforeBullet Train
23.3%
I am your darkest hour, I am your fall from powerOne On One
20.5%
Unholy Satan begs, he don't make no senseMetal Messiah
20.5%
Holy Father, drink the fire waterSubterfuge
19.2%
The time has come and as I reach up to the skyBeginning Of The End
19.2%
Your innocence all but fades when we peel the veneer awayJekyll And Hyde
13.7%

You're not logged in!

Compare scores with friends on all Sporcle quizzes.
Sign Up with Email
OR
Log In

You Might Also Like...

Show Comments

Extras

Top Quizzes Today


Score Distribution

Your Account Isn't Verified!

In order to create a playlist on Sporcle, you need to verify the email address you used during registration. Go to your Sporcle Settings to finish the process.